000 01346cam a22003977a 4500
003 CHAP
005 20220329142246.0
008 000331d1990 mx b r 00110 spa d
010 _a80666
011 _a81638
022 _a0188-2414
035 _a92113
040 _cCHAP
090 _aFolleto 15906
100 0 0 _aCarney, Judith.
_919241
245 1 0 _aTriticale producction in the central mexican highlands :
_bsmallholders' experiences and lessons for research
_c/por
260 _aMéxico, D.F. :
_bCentro Internacional de Mejoramiento de Maíz y Trigo,
_c1990.
300 _a48 p. :
_bgráfs. ; mapas ; tablas
410 2 _aCIMMYT
490 0 _aEconomics paper
_v; 2
590 _aBATCH-UPD
_b10
_c20130110
_lUCH01
_h0021
590 _aBATCH-UPD
_b10
_c20130110
_lUCH01
_h2204
590 _aBATCH-UPD
_b10
_c20130409
_lUCH01
_h2001
590 _aBATCH-UPD
_b10
_c20130410
_lUCH01
_h1510
590 _aBATCH-UPD
_b10
_c20130914
_lUCH01
_h0851
590 _aCONVERSION
_b10
_c20130109
_lUCH01
_h1345
650 1 4 _aTriticale
_xInvestigación.
_9115217
650 1 4 _aTriticale
_xMéxico.
_9115221
650 1 4 _aTriticale
_xRendimiento.
_9115225
810 2 _aCIMMYT
_923309
830 0 _aEconomics paper
_v; 2
_935217
901 _aBK
905 _aGuadalupe Pinto C.
942 _cFOLL
949 _aFolleto 15906
_bBC
_cFOLL
_d921131
_eTS1
_i92113
_sb
999 _c80666
_d80666